| 000 | 00573nam a22002177a 4500 | ||
|---|---|---|---|
| 003 | DO-SdBNP | ||
| 005 | 20180202112244.0 | ||
| 008 | 180202b 1997 sp ||||| |||| 00| 0 spa d | ||
| 020 | _a8476297815 | ||
| 040 |
_aBPMSU _bspa _cBPMSU |
||
| 100 | 1 | _aPons, Ponç | |
| 245 | 1 | 0 |
_aMemorial de Tabarka / _cPonç Pons. |
| 250 | _a5a ed. | ||
| 260 |
_aBarcelona : _bCruïlla, _c1997. |
||
| 300 |
_a143 p. _c22 cm. |
||
| 490 | 1 |
_aGran angular _v53 |
|
| 830 | 0 |
_pGran angular _v53 |
|
| 942 |
_2ddc _cBK |
||
| 945 | _aInventariado, 2018 /LP | ||
| 956 |
_aLOPEREZ _b10 _c20180202 |
||
| 999 |
_c13251 _d13251 |
||